000 00614nam a2200205Ia 4500
005 20250326141129.0
008 250326s9999 xx 000 0 und d
020 _a1-85898-409-2
037 _aTextbook
040 _aFMSL
_beng
_cFMSL
041 _aeng
_2eng
084 _aX:74.1 N6
_qFMSL
100 _aRugman Alan M
245 0 _aTheory of multinational enterprises: selected scientific papers of Alan M.Rugman
_cRugman Alan M
260 _aUnited Kingdom
_bUnited Kingdom, Edward Elgar
_c1996
300 _axvii,291
490 _vv.1
942 _cTB
_hX:74.1 N6
999 _c1288839
_d1288839